000 00515cam a2200169 a 4500
020 _a0072421975 (hard copy : alk. paper)
040 _cDLC
082 0 0 _a570 HIL 2006 A027 Or.
100 1 _aMader, Sylvia S.
245 1 0 _aInquiry into life /
250 _a11th ed.
260 _aBoston :
_bMcGraw-Hill Higher Education,
_cc2006.
300 _a1 v. (various pagings) :
_bill. (some col.), col. maps ;
_c29 cm.
650 0 _aBiology.
856 4 1 _uhttp://www.loc.gov/catdir/toc/fy053/2004017789.html
942 _cEK
999 _c12985
_d12985